| 000 | 00793cam a22002055a 4500 | ||
|---|---|---|---|
| 001 | L158980 | ||
| 008 | 151118s2015 xxk f 000 0 eng d | ||
| 035 | _a(Sirsi) u158980 | ||
| 041 | 0 | _aeng | |
| 110 | 2 |
_aMSCI _96164 |
|
| 245 | 0 | 0 |
_aUK Lease Events Review 2015 _h[electronic resource] |
| 260 |
_aLondon _bMSCI _c2015 |
||
| 520 | _aAnalyses trends affecting commercial leases including movement towards shorter flexible leases, break clauses and rent free periods, income security and potential for growth and tenant default. | ||
| 651 | 4 |
_aUnited Kingdom _y |
|
| 690 |
_aLandlord and tenant _96252 |
||
| 690 |
_aCommercial property _96227 |
||
| 710 |
_aStrutt & Parker _92509 |
||
| 856 | 4 | 0 |
_uhttps://www.msci.com/research-archive _zView the itemfree of charge at www.msci.com |
| 942 | _n0 | ||
| 999 |
_c115611 _d115611 |
||